Cities with Most Embassies Quiz Stats

 Plays Quiz Updated Oct 17, 2018

Challenge
Share
Tweet
Embed
Score 0/20 Timer 03:00
5 Plays Today
Ranking City % Correct
4London
97%
5Paris
96%
2Washington D.C.
94.7%
6Berlin
86.9%
7Moscow
86.9%
3Beijing
86%
8Tokyo
84.6%
9Rome
83.4%
15Madrid
80.5%
10Cairo
56.9%
Ranking City % Correct
12Ottawa
56.2%
11New Delhi
49.4%
16Brasilia
49.1%
1Brussels
47.3%
17Stockholm
41.9%
14Vienna
38.1%
13Pretoria
24.7%
20Riyadh
20.3%
18The Hague
19%
19Havana
11.8%

You're not logged in!

Compare scores with friends on all Sporcle quizzes.
OR
Log In

You Might Also Like...

Show Comments

Extras

Top Quizzes Today


Score Distribution

Your Account Isn't Verified!

In order to create a playlist on Sporcle, you need to verify the email address you used during registration. Go to your Sporcle Settings to finish the process.

Report this User

Report this user for behavior that violates our Community Guidelines.

Details: